000 00640nam a2200217 a 4500
001 BRCA_6376
005 20190320205430.0
008 290811s1904----nyu#######---#000-0#spa-#
041 _aspa
044 _anyu
050 4 _aPQ6322
_b.A2
100 1 _aCervantes Saavedra, Miguel de
_d1547-1616.
_9213
245 1 0 _aPrimera parte de la Galatea
_bdividida en seys libros
_ccópuesta por Miguel de Ceruantes.
260 _aNueva York
_bDe Vinne press
_c[1904]
300 _a2 v.
_c21 cm.
500 _aReproducción facsimilar del original (España, 1585)
500 _aK176
740 0 _aViaje al Parnaso
902 _aGFM
942 _2lcc
_cB
999 _c6062
_d6062